Radiologyic Science for Technology (Record no. 6869)

MARC details
000 -LEADER
fixed length control field 00228nam a22000857a 4500
008 - FIXED-LENGTH DATA ELEMENTS--GENERAL INFORMATION
fixed length control field 170617b xxu||||| |||| 00| 0 eng d
020 ## - INTERNATIONAL STANDARD BOOK NUMBER
International Standard Book Number 9780323048378
100 ## - MAIN ENTRY--PERSONAL NAME
9 (RLIN) 3486
Personal name Bushong.s.c
245 ## - TITLE STATEMENT
Title Radiologyic Science for Technology
260 ## - PUBLICATION, DISTRIBUTION, ETC. (IMPRINT)
Place of publication, distribution, etc. New Delhi
Name of publisher, distributor, etc. CBS
Date of publication, distribution, etc. 2012
Holdings
Withdrawn status Lost status Source of classification or shelving scheme Damaged status Koha normalized classification for sorting Not for loan Home library Current library Shelving location Date acquired Total Checkouts Full call number Barcode Date last seen Price effective from Koha item type
    Dewey Decimal Classification   BUS_616_075000000000000_C3   Good Samaritan School Library Good Samaritan School Library RADIOLOGY 06/17/2017   BUS616.075 C-3 BUS11504 06/17/2017 06/17/2017 Reference

Powered by Koha